000 00553cam a22002053a 4500
001 40550
003 PGUSA
005 20140828083915.0
008 120821s2012||||xxu|||||s|||||000 | eng d
040 _aPGUSA
_beng
042 _adc
100 1 _aWharton, Marian
245 1 0 _aPlain English
_h[electronic resource] /
_cMarian Wharton
260 _bProject Gutenberg,
_c2012
506 _aPublic domain in the USA.
516 _aElectronic text
830 0 _aProject Gutenberg
_v40550
856 4 0 _uhttp://www.gutenberg.org/ebooks/40550
942 _cEB
999 _c269803
_d269803